Liedtext-Mulan-Sein ein Mann - Statistiken

Allgemein
  • Dieses Quiz wurde 112 mal gespielt
  • Das Durchschnittsergebnis liegt bei 166 aus 226
Antwortstatistiken
Antwort % Korrekt
ein
100%
man
100%
(Sei
98%
(sei
98%
mann
97%
Mann)
97%
Mann
97%
so
95%
du
93%
wie
93%
Wie
93%
der
91%
ich
91%
sein
91%
stark
90%
die
84%
Wir
84%
wir
84%
da
83%
schön
83%
was
83%
hab
81%
schnell
81%
zu
81%
Ihr
79%
ihr
79%
nicht
79%
zum
79%
für
78%
hat
78%
müsst
78%
Taifun
78%
Es
76%
ist
76%
Jetzt
76%
jetzt
76%
das
74%
den
74%
hier
74%
Hunnen
74%
Mond
74%
müssen
74%
sogar
74%
wird
74%
an
72%
Bis
72%
jeder
72%
mir
72%
vor
72%
Denn
71%
mit
71%
sind
71%
Wasser
71%
ab
69%
Höllenfeuer
69%
Tür
69%
und
69%
euch
67%
heiß
67%
viel
67%
doch
66%
nur
66%
tun
66%
wildes
66%
Geheimnisvoll
64%
lustig
64%
schluss
64%
steht
64%
Töchter
64%
zeit
64%
noch
62%
Söhnen
62%
uns
62%
anstatt
60%
bist
60%
genug
60%
gibt
60%
aber
59%
aus
59%
bloss
59%
erkannt
59%
gesandt
59%
Hunnenschar
59%
mein
59%
mich
59%
wenn
59%
bleibt
57%
wär
57%
beim
55%
hart
55%
komm
55%
freund
53%
soll
53%
Adler
52%
Rest
52%
zugleich
52%
Chancenlos
50%
gepennt
50%
Hätte
50%
Herz
50%
könnt
50%
Ach
48%
kampf
48%
seid
48%
Turnen
48%
verraten
48%
alles
47%
Augen
47%
eben
47%
sage
47%
schwimmen
47%
Stahl
47%
zieh
47%
fang
45%
auf
43%
Chaoten
43%
geht
43%
gut
43%
hört
43%
Kerl
43%
Puste
43%
überleben
43%
weit
43%
tut
40%
passt
34%
wagen
34%
bald
31%
Keine übereinstimmenden Quizze gefunden
Verteilung der Resultate
Anzahl Personen mit jedem Resultat
Perzentil nach korrekt beantworteten Fragen
Ihre Resultats-Entwicklung
Sie haben dieses Quiz noch nicht gespielt